000 01694cam a22004694i 4500
003 PE-LiUPU
005 20250731173136.0
008 150623s r 000 0 d
020 _a0132548062
035 _a(Sirsi) i9780132548069
040 _aPE-LiUPU
_bspa
_cPE-LiUPU
_erda
049 _aPRUA
082 0 4 _a291
_bF57
_221
100 1 _aFisher, Mary Pat,
_eautor.
245 1 0 _aLiving religions /
_cMary Pat Fisher.
250 _a3a
264 1 _aUpper Saddle River, N.J. :
_bPrentice-Hall,
_c1997.
300 _a464 páginas :
_bilustraciones fotos, gráficos, diagrámas ;
_c23 centímetros
336 _atext
_2rdacontent
337 _aunmediated
_2rdamedia
338 _avolume
_2rdacarrier
504 _aIncluye bibliografía.
505 0 _aThe religious response. -Indigenous sacred ways. -Hinduism. -Jainism. -Buddhism. -Taoism and confucianism. -Shinto. -Zoroastrianism. -Judaism. -Christianity. -Islam. -Sikhism. -New religious movements. -Religion at the turn of the century.
526 _aSEG42
526 _aSEG41
526 _aSEG40
526 _aSEG39
526 _aP94
526 _aP87
526 _aP86
526 _aP85
526 _aP77
526 _aP76
526 _aP35
650 0 4 _aReligiones.
942 _2ddc
_cBOOK
949 _a291 F57
_wDEWEY
_c1
_i52254
_lCCODEBUL1
_mBUL
_p8.00
_r0
_sY
_tBOOK
_u2015-6-24
_xTEOLOGIA
_PP35
_0COMPRA
_o.STAFF. Colección General
994 _aC0
_bPEPRU
596 _a1
999 _a291 F57
_wDEWEY
_c34070
_i52254
_f2021-11-11
_g5
_lCCODEBUL1
_mBUL
_p8.00
_r0
_sY
_tBOOK
_u2015-6-24
_xTEOLOGIA
_PP35
_0COMPRA
_o.STAFF. Colección General
_d34070
980 _81
_gALBERTO SANCHEZ Responsable de Automatización